|
|
|
|
| LEADER |
00000naa2a2200000 4500 |
| 001 |
216515 |
| 005 |
20231031194241.0 |
| 035 |
|
|
|a (RuTPU)RU\TPU\book\236487
|
| 035 |
|
|
|a RU\TPU\book\236486
|
| 090 |
|
|
|a 216515
|
| 100 |
|
|
|a 20120525d1987 k y0rusy50 ca
|
| 101 |
0 |
|
|a rus
|
| 102 |
|
|
|a EE
|
| 200 |
1 |
|
|a Микропроцессорный контроллер сканирования для лазеров на красителях серии VL
|f К. М. Юлге, Э. Э. Каэвал, Р. Э. Раамат
|
| 320 |
|
|
|a Библиогр.: с. 192 (2 назв.)
|
| 463 |
|
0 |
|0 (RuTPU)RU\TPU\book\236406
|t Физика лазеров и лазерная техника
|f Академия наук Эстонской ССР (АН ЭССР), Институт физики (ИФ)
|v С. 188-192
|d 1987
|p 216 с.
|s Труды института физики АН ЭССР ; Вып. 60
|
| 700 |
|
1 |
|a Юлге
|b К. М.
|
| 701 |
|
1 |
|a Каэвал
|b Э. Э.
|
| 701 |
|
1 |
|a Раамат
|b Р. Э.
|
| 801 |
|
1 |
|a RU
|b 63413507
|c 20120525
|
| 801 |
|
2 |
|a RU
|b 63413507
|c 20120525
|g RCR
|
| 942 |
|
|
|c BK
|